Welcome to CU Library Online Public Access Catalogue (OPAC)

Williams' essentials of nutrition and diet therapy. (Record no. 51)

MARC details
000 -LEADER
fixed length control field 00860cam a22002537a 4500
001 - CONTROL NUMBER
control field 14656786
005 - DATE AND TIME OF LATEST TRANSACTION
control field 20241018124230.0
008 - FIXED-LENGTH DATA ELEMENTS--GENERAL INFORMATION
fixed length control field 061205s2007 moua b 001 0 eng d
020 ## - INTERNATIONAL STANDARD BOOK NUMBER
International Standard Book Number 032303764X (pbk.)
020 ## - INTERNATIONAL STANDARD BOOK NUMBER
International Standard Book Number 9780323037648 (pbk.)
020 ## - INTERNATIONAL STANDARD BOOK NUMBER
International Standard Book Number 9780323037648
050 00 - LIBRARY OF CONGRESS CALL NUMBER
Classification number RM216
Item number .S358 2007
082 04 - DEWEY DECIMAL CLASSIFICATION NUMBER
Classification number 613.2
Edition information 22
100 1# - MAIN ENTRY--PERSONAL NAME
Personal name Schlenker, Eleanor D.
245 10 - TITLE STATEMENT
Title Williams' essentials of nutrition and diet therapy.
250 ## - EDITION STATEMENT
Edition statement 9th ed. /
Remainder of edition statement Eleanor D. Schlenker, Sara Long.
260 ## - PUBLICATION, DISTRIBUTION, ETC.
Place of publication, distribution, etc. St. Louis :
Name of publisher, distributor, etc. Mosby Elsevier,
Date of publication, distribution, etc. c2007.
300 ## - PHYSICAL DESCRIPTION
Extent xx, 807 p. :
Other physical details col. ill. ;
Dimensions 28 cm. +
Accompanying material 1 CD-ROM (4 3/4 in)
500 ## - GENERAL NOTE
General note Previous ed.: published as Essentials of nutrition and diet therapy by Sue Rodwell Williams. St. Louis, Mo.: Mosby, 2003.
650 #0 - SUBJECT ADDED ENTRY--TOPICAL TERM
Topical term or geographic name entry element Nutrition.
650 #0 - SUBJECT ADDED ENTRY--TOPICAL TERM
Topical term or geographic name entry element Diet therapy.
700 1# - ADDED ENTRY--PERSONAL NAME
Personal name Roth, Sara Long.
942 ## - ADDED ENTRY ELEMENTS (KOHA)
Source of classification or shelving scheme Library of Congress Classification
Koha item type Books
Suppress in OPAC No
999 ## -
-- 51
-- 51
Holdings
Withdrawn status Lost status Source of classification or shelving scheme Damaged status Not for loan Collection Home library Current library Shelving location Date acquired Total checkouts Full call number Barcode Date last seen Copy number Price effective from Koha item type
    Library of Congress Classification     Non-fiction Undergraduate Library (Christ Temple) Undergraduate Library (Christ Temple) General stacks 10/18/2024   RM216.S358 SCH ulct00000033 10/18/2024 1 10/18/2024 Books
© 2023-2024 Copyright: Central University Libraries. All Rights Reserved | Created by: Mahone Tech Office